书目信息 |
| 题名: |
有色金属基础理论研究-新方法与新进展
|
|
| 作者: | 陈启元 等 著 | |
| 分册: | ||
| 出版信息: | 北京 科学出版社 2005 |
|
| 页数: | ||
| 开本: | 26cm | |
| 丛书名: | ||
| 单 册: | ||
| 中图分类: | TF801.1 | |
| 科图分类: | ||
| 主题词: | 冶金工业 | |
| 电子资源: | ||
| ISBN: | 7-03-015045-7 | |
| 000 | 00583nam0 2200181 450 | |
| 001 | 0754114953 | |
| 005 | 20070929150154.95 | |
| 010 | @a7-03-015045-7@b精装 | |
| 100 | @a20070929d km y0chiy0120 ea | |
| 101 | 0 | @achi |
| 200 | 1 | @a有色金属基础理论研究-新方法与新进展@Ayou se jin shu ji chu li lun yan jiu-xin fang fa yu xin jin zhan@f陈启元 等 著@Fchen qi yuan deng zhu |
| 210 | @a北京@c科学出版社@d2005 | |
| 215 | @c插图@d26cm | |
| 606 | 0 | @a冶金工业 |
| 690 | @aTF801.1@v3 | |
| 701 | 0 | @a陈启元 等@Achen qi yuan deng@4著 |
| 801 | 0 | @aCN@bPFT@c20070929 |
| 905 | @a213230@dTF801.1@eh4@f1 | |
| 有色金属基础理论研究-新方法与新进展/陈启元 等 著.-北京:科学出版社,2005 |
| 插图;26cm |
| ISBN 7-03-015045-7(精装): |
| ● |
| 相关链接 |
|
|
|
|
正题名:有色金属基础理论研究-新方法与新进展
索取号:TF801.1/h4
 
预约/预借
| 序号 | 登录号 | 条形码 | 馆藏地/架位号 | 状态 | 备注 |
| 1 | 6002606 | 260026064 | 密集书库-化学系/ [索取号:TF801.1/h4] | 在馆 |